Загрузка...

Prose works /

Библиографические подробности
Главный автор: Wordsworth, William
Другие авторы: Owen, W. J. B. (Редактор), Smyser, Jane Worthington
Формат: Printed Book
Язык:English
Опубликовано: Oxford : Clarendon Press, 1974.
Серии:v3
Предметы:
LEADER 00576nam a2200181Ia 4500
008 150623b xxu||||| |||| 00| e eng d
082 |a 824.6W1 
100 |a Wordsworth, William 
245 |a Prose works /  |c William Wordsworth 
260 |a Oxford :  |b Clarendon Press,  |c 1974. 
300 |a 475 p. 
490 |a v3 
650 |v Essays 
700 |a Owen, W. J. B.  |e editor. 
700 |a Smyser, Jane Worthington 
942 |c BK 
999 |c 26711  |d 26711 
952 |0 0  |1 0  |4 0  |6 824_000000000000000_6W1_PRO_3  |7 0  |9 26710  |a UL  |b UL  |c ST2  |d 1998-09-24  |l 0  |o 824.6W1 PRO.3  |p 38123  |r 2012-10-27  |w 2012-10-27  |y BK